La felicidad de la tierra /
Manuel Leguineche (Arrazua, provincia de Vizcaya, 1941), autor de una extensa obra literaria y periodística, que cruza por los libros de viajes, la crónica, el reportaje y el ensayo histórico, entre otros géneros. Los topos (1979, coescrito con Jesús Torbado), La vuelta al mundo en 81 días (1988), A...
Guardado en:
| Autor principal: | |
|---|---|
| Formato: | Libro |
| Idioma: | Español |
| Publicado: |
Madrid, España :
Alfaguara,
1999, c1999
|
| Temas: | |
| Etiquetas: |
Sin etiquetas, Sé el primero en etiquetar este registro!
|
MARC
| LEADER | 00000nam^a2200000^a^4500 | ||
|---|---|---|---|
| 001 | 000262218 | ||
| 005 | 20250521000000.0 | ||
| 009 | 20260310110534.356 | ||
| 020 | |a 84-204-3084-6 | ||
| 037 | |a Acervo ITESO - Biblioteca | ||
| 041 | |a ESP | ||
| 082 | |a 860. 92 |b LEG | ||
| 100 | |a Leguineche, Manuel |e (autor) | ||
| 245 | 1 | 3 | |a La felicidad de la tierra / |c M. Leguineche. |
| 264 | 4 | |a Madrid, España : |b Alfaguara, |c 1999, c1999 | |
| 300 | |a 472 p. | ||
| 336 | |a texto |b txt |2 rdacontenido | ||
| 337 | |a sin mediación |b n |2 rdamedio | ||
| 338 | |a volumen |b nc |2 rdasoporte | ||
| 520 | |a Manuel Leguineche (Arrazua, provincia de Vizcaya, 1941), autor de una extensa obra literaria y periodística, que cruza por los libros de viajes, la crónica, el reportaje y el ensayo histórico, entre otros géneros. Los topos (1979, coescrito con Jesús Torbado), La vuelta al mundo en 81 días (1988), Adios, Hong Kong (1995), El viaje prodigioso (1995, escrito en colaboración con María Antonia Velasco Bernal), Annual 1921: el desastre de España en el Rif (1996), Yo te diré... (1998), Yo pondré la guerra (1998), Hotel Nirvana (1999) y La felicidad de la tierra (1999) son algunos de los libros más representativos de Leguineche, quien ha sido reconocido con los premios Nacional de Periodismo, Pluma de Oro, Cirilo Rodrìguez, Godó, Julio Camba y el Ortega y Gasset, entre otros galardones. | ||
| 649 | |a XX | ||
| 650 | |a Escritores Vascos - |x Memorias | ||
| 650 | |a Escritores Españoles - |x Memorias | ||
| 650 | |a Memorias Vascas | ||
| 650 | |a Memorias Españolas | ||
| 650 | |a Literatura Vasca - |y Siglo XX | ||
| 650 | |a Literatura Española - |y Siglo XX | ||
| 650 | |a Literatura en Español - |z País Vasco, España | ||
| 650 | |a Leguineche, Manuel - |x Tema Principal | ||
| 910 | |a Fondo General | ||
| 920 | |a Impresos - Libros | ||
| 930 | |a Colección General | ||
| 940 | |a Literatura | ||
| 905 | |a 101 | ||
| 901 | |a 0500142797 |b IT1 |c LIT |u 20250521 | ||
| 902 | |a https://opac.biblio.iteso.mx/vufind/Record/000262218 | ||